000 00865nam a2200265 i 4500
003 DO-SdBNP
005 20251003101327.0
007 ta
008 251003s2009 dr a r 000 0 spa d
040 _aDO-SdBNP
_bspa
_cBNPHU
_erda
041 _aspa
082 _axxxx
_bR426
_222
110 1 _aRepública Dominicana
_4Secretaría de Estado de Educación
_919481
245 0 0 _aIndicadores de logro :
_btercer grado. nivel básico /
264 1 _aSanto Domingo :
_bSecretaría de Estado de Educación,
_c2009.
300 _a58 p. ;
_bilustraciones
_c27 cm.
336 _atexto
_btxt
_2rdacontent
337 _asin mediación
_bn
_2rdamedia
338 _avolumen
_bnc
_2rdacarrier
490 1 _aMisión 1000x1000 ;
_vgestión educativa 2008-2012 ;
504 _aBibliografía : p. 37-43
590 _aInventariado, 2025/ YL
910 _aYLockward
942 _2ddc
_cLBS1
999 _c59912
_d59912